000 00675nam a2200277Ia 4500
005 20250425161827.0
008 250425s9999 xx 000 0 und d
020 _a9681861116
041 _aspa
043 _amx
082 _a658.155
_pPHIv
100 _aPhilippe, Jorion
245 0 _aValor de riesgo
250 _a1a. ed.
260 _aMéxico
_bLIMUSA
_c2002.
260 _aS.L.
300 _a357 páginas
500 _aTítulo Traducido: VALUE AT RISK
650 _aRegulación de mercado
650 _aRenta fija
650 _aRiesgo - administración
700 _aJuan González
_etraductor
710 _aLimusa
942 _c01
010 _a31371
999 _c216929
_d216929